000 00677nam a22001937a 4500
003 OSt
005 20260421081848.0
008 260421b |||||||| |||| 00| 0 eng d
020 _a 0761916768
040 _aDWCL-Admin lib
_cOC
082 _aCirc. 300.72 G816i 1998
100 _aGreenwood, Davydd J.
245 _a Introduction to action research :
_bsocial research for social change /
_cDavydd J. Greenwood
260 _aThousand Oaks,
_bCalifornia : SAGE Publications,
_cc1998.
300 _a 271 pages ;
_c 23 cm.
504 _aIncludes bibliographical references
650 _a1. Action research. I. Levin, Morten. II. Title.
942 _2ddc
_cBK-CIRC
_iCirc.
_n0
999 _c9604
_d9604